| 000 | 00469nam a22001217a 4500 | ||
|---|---|---|---|
| 999 |
_c10037 _d10037 |
||
| 003 | OSt | ||
| 008 | 201218b ||||| |||| 00| 0 eng d | ||
| 245 | _aJournal of Communication Engineering and Systems (JoCES) | ||
| 250 | _a2015(Jan-Apr Vol.5 No.1, May-Aug Vol.5 No.2, Sep-Dec Vol.5 No.3) 2016(Jan-Apr Vol.6 No.1, May-Aug Vol.6 No.2, Sep-Dec Vol.6 No.3) | ||
| 260 |
_aNoida _bCELNET (STM Journals) |
||
| 650 | _aElectronic and Communication Engineering | ||
| 942 |
_2ddc _cBV |
||